Piłkarze z Ligue 1 w tegorocznym PNA - Statystyki

Ogólne statystyki
  • Ten quiz został rozwiązany 5 razy
  • Średni wynik to 4 z 60
Statystyki odpowiedzi
PIŁKARZ REPREZENTACA KLUB % Poprawnych
Achraf Hakimi Maroko PSG
100%
Terem Moffi Nigeria OGC Nice
60%
Chancel Mbemba DRK Olympique Marsylia
40%
Ismaïla Sarr Senegal Olympique Marsylia
40%
Amine Harit Maroko Olympique Marsylia
20%
Falaye Sacko Mali Montpellier HSC
20%
Issiaga Sylla Gwinea Montpellier HSC
20%
Mostafa Mohamed Egipt FC Nantes
20%
Nabil Bentaleb Algieria LOSC Lille
20%
Wilfried Singo WKS AS Monaco
20%
Youcef Atal Algieria OGC Nice
20%
Abdoulaye Touré Gwinea Le Havre AC
0%
Ablie Jallow Zambia FC Metz
0%
Adam Ounas Algieria LOSC Lille
0%
Alfred Gomis Senegal FC Lorient
0%
Alidu Seidu Ghana Clermont Foot 63
0%
Amir Richardson Maroko Stade Reims
0%
André Ayew Ghana Le Havre AC
0%
Azzedine Ounahi Maroko Olympique Marsylia
0%
Bamba Dieng Senegal FC Lorient
0%
Christopher Wooh Kamerun Stade Rennais FC
0%
Darling Yongwa Kamerun FC Lorient
0%
Dimitry Bertaud DRK Montpellier HSC
0%
Enzo Tchato Kamerun Montpellier HSC
0%
Ernest Nuamah Ghana Olympique Lyon
0%
Fali Candé Gwinea Bissau FC Metz
0%
Formose Mendy Senegal FC Lorient
0%
Frank Magri Kamerun FC Toulouse
0%
Gédéon Kalulu DRK FC Lorient
0%
Hicham Boudaoui Algieria OGC Nice
0%
Ibrahim Diakité Gwinea Stade Reims
0%
Iliman Ndiaye Senegal Olympique Marsylia
0%
Ismail Jakobs Senegal AS Monaco
0%
Jean-Charles Castelletto Kamerun FC Nantes
0%
Jérémie Bela Angola Clermont Foot 63
0%
Jérémie Boga WKS OGC Nice
0%
Kamory Doumbia Mali Stade Brestois
0%
Kevin Van Den Kerkhof Algieria FC Metz
0%
Kiki Kouyaté Mali Montpellier HSC
0%
Krépin Diatta Senegal AS Monaco
0%
Lamine Camara Senegal FC Metz
0%
Logan Costa Republika Zielonego Przylądka FC Toulouse
0%
Mama Baldé Gwinea Bissau Olympique Lyon
0%
Mohamed Bayo Gwinea Le Havre AC
0%
Mohamed Camara Mali AS Monaco
0%
Mohammed Salisu Ghana AS Monaco
0%
Montassar Talbi Tunezja FC Lorient
0%
Morgan Guilavogui Gwinea RC Lens
0%
Mory Diaw Senegal Clermont Foot 63
0%
Moses Simon Nigeria FC Nantes
0%
Moussa Diarra Mali FC Toulouse
0%
Nampalys Mendy Senegal RC Lens
0%
Oumar Diakité WKS Stade Reims
0%
Pape Gueye Senegal Olympique Marsylia
0%
Saïdou Sow Gwinea RC Strasbourg
0%
Salis Abdul Samed Ghana RC Lens
0%
Samuel Moutoussamy DRK FC Nantes
0%
Simon Ngapandouetnbu Kamerun Olympique Marsylia
0%
Siriné Doucouré Mali FC Lorient
0%
Yunis Abdelhamid Maroko Stade Reims
0%
Nie znaleziono quizów pasujących do podanych kryteriów
Rozkład punktacji
Procent ludzi z każdym wynikiem
Percentyl według liczby udzielonych odpowiedzi
Twoja historia wyników
Nie rozwiązałeś tego quizu